000 00549nam a2200181Ia 4500
005 20250423101542.0
008 250422s9999 xx 000 0 und d
020 _a9781561009
050 _aPR 9340 .C48/
100 _aChinweizu
245 0 _aToward decolonisation of african literature : african fiction and poetry and their critics
260 _aEnugu
260 _bFourth Dimension
260 _c1980
300 _a320 p
650 _a African literature (English) --History and criticism. Decolonization in literature.
942 _cBK
999 _c36618
_d36618